[Event "Biel ATO op 52nd"]
[Site "Biel"]
[Date "2019.07.25"]
[Round "4"]
[White "Svergina, Sofya"]
[Black "Marty, Fridolin"]
[Result "1/2-1/2"]
[WhiteElo "1593"]
[BlackElo "1921"]
[PlyCount "45"]
[EventDate "2019.07.20"]
[EventType "swiss"]
[EventRounds "9"]
[EventCountry "SUI"]
[SourceTitle "EXT 2020"]
[Source "ChessBase"]
[SourceDate "2019.10.17"]
[SourceVersion "1"]
[SourceVersionDate "2019.10.17"]
[SourceQuality "1"]

1. e4 e5 2. Nf3 Nc6 3. Nc3 Nf6 4. d4 Bb4 5. dxe5 Nxe4 6. a3 Bxc3+ 7. bxc3 0-0 8. Bd3 f5 9. 0-0 d5 10. exd6 Qxd6 11. Bxe4 Qxd1 12. Rxd1 fxe4 13. Nd4 Bg4 14. Re1 Rfe8 15. Bf4 Nxd4 16. cxd4 Rad8 17. h3 Bf5 18. c3 c6 19. Be3 h6 20. Rad1 Kf7 21. g4 Bg6 22. f3 exf3 23. Kf2 1/2-1/2

[Event "Zuerich op-B 39th"]
[Site "Zuerich"]
[Date "2015.12.29"]
[Round "6"]
[White "Tanner, Rene"]
[Black "Marty, Fridolin"]
[Result "0-1"]
[WhiteElo "1909"]
[BlackElo "2027"]
[PlyCount "102"]
[EventDate "2015.12.26"]
[EventType "swiss"]
[EventRounds "7"]
[EventCountry "SUI"]
[SourceTitle "CBM 170 Extra"]
[Source "ChessBase"]
[SourceDate "2016.02.25"]
[SourceVersion "1"]
[SourceVersionDate "2016.02.25"]
[SourceQuality "1"]

1. e4 e5 2. Nf3 Nc6 3. d4 exd4 4. Nxd4 Bc5 5. Nb3 Bb6 6. Nc3 d6 7. Qe2 Nge7 8. Be3 Be6 9. 0-0-0 0-0 10. f4 Qe8 11. f5 Bxe3+ 12. Qxe3 Bxb3 13. cxb3 Nxf5 14. Qf2 Nfe7 15. g4 Ne5 16. Be2 Qd7 17. Qg3 Qe6 18. h4 N5c6 19. g5 Qe5 20. Qg4 Rad8 21. h5 Qc5 22. g6 fxg6 23. hxg6 Qe3+ 24. Kb1 h6 25. Bc4+ Kh8 26. Qg2 Rf6 27. Rd3 Rxg6 28. Qf1 Qg5 29. Rf3 Kh7 30. Nd5 Nxd5 31. Bxd5 Rf6 32. Rxf6 Qxf6 33. Qc4 Qe7 34. Bxc6 bxc6 35. Qxc6 Re8 36. Rc1 Qxe4+ 37. Qxe4+ Rxe4 38. Rxc7 a5 39. Ra7 Re5 40. Kc2 Kg6 41. Kd3 Kf6 42. Rd7 h5 43. Rxd6+ Kf5 44. Rd7 g5 45. Kd4 Re2 46. Rd5+ Kf4 47. Rxa5 h4 48. Kd3 Rxb2 49. Kc3 Rf2 50. Ra8 h3 51. Rf8+ Kg3 0-1

[Event "Zuerich op-B 39th"]
[Site "Zuerich"]
[Date "2015.12.28"]
[Round "4"]
[White "Duringer, Valentin"]
[Black "Marty, Fridolin"]
[Result "1-0"]
[WhiteElo "1855"]
[BlackElo "2027"]
[PlyCount "85"]
[EventDate "2015.12.26"]
[EventType "swiss"]
[EventRounds "7"]
[EventCountry "SUI"]
[SourceTitle "CBM 170 Extra"]
[Source "ChessBase"]
[SourceDate "2016.02.25"]
[SourceVersion "1"]
[SourceVersionDate "2016.02.25"]
[SourceQuality "1"]

1. e4 e5 2. Nf3 Nc6 3. Bc4 Bc5 4. c3 Nf6 5. d3 a6 6. Bb3 Ba7 7. Nbd2 d6 8. h3 Qe7 9. Nf1 Be6 10. Bg5 h6 11. Be3 Nd7 12. Bxa7 Nxa7 13. Ne3 Nc5 14. Bc2 Bd7 15. Nd5 Qd8 16. d4 exd4 17. cxd4 Ne6 18. Qd2 Nc8 19. 0-0 0-0 20. Rac1 c6 21. Ne3 Ne7 22. e5 dxe5 23. dxe5 Nf4 24. Rcd1 Be6 25. Qb4 Nfd5 26. Qe4 g6 27. Nd4 Qc8 28. Qh4 Kg7 29. Rfe1 Re8 30. g4 Nf4 31. Qf6+ Kh7 32. Qxf4 Nd5 33. Nxd5 Bxd5 34. Bb3 Bxb3 35. Nxb3 Qc7 36. Nc5 Re7 37. Re4 b6 38. Nb3 Rae8 39. Rde1 c5 40. Nd2 Qd8 41. Nc4 Rd7 42. Nd6 Qh4 43. Nxe8 1-0

[Event "Zuerich op-B 39th"]
[Site "Zuerich"]
[Date "2015.12.27"]
[Round "2"]
[White "Sahki, Saphir"]
[Black "Marty, Fridolin"]
[Result "0-1"]
[WhiteElo "1841"]
[BlackElo "2027"]
[PlyCount "104"]
[EventDate "2015.12.26"]
[EventType "swiss"]
[EventRounds "7"]
[EventCountry "SUI"]
[SourceTitle "CBM 170 Extra"]
[Source "ChessBase"]
[SourceDate "2016.02.25"]
[SourceVersion "1"]
[SourceVersionDate "2016.02.25"]
[SourceQuality "1"]

1. d4 Nf6 2. c4 Nc6 3. Nc3 e5 4. d5 Ne7 5. e4 Ng6 6. a3 Bc5 7. Be2 a5 8. Nf3 d6 9. 0-0 0-0 10. Qc2 Qe7 11. Na4 Ba7 12. b4 Bd7 13. b5 Nh5 14. Nc3 Nhf4 15. Bxf4 Nxf4 16. Bd1 f5 17. Qd2 Qf6 18. exf5 Bxf5 19. Ne2 Bd3 20. Rc1 Bxe2 21. Bxe2 e4 22. Ne1 e3 23. Qc2 exf2+ 24. Kh1 fxe1Q 25. Rcxe1 Qg6 26. Qxg6 Nxg6 27. Bg4 Rxf1+ 28. Rxf1 Rf8 29. Bf5 Rf6 30. g4 Ne7 31. Be6+ Kf8 32. Re1 Bd4 33. a4 b6 34. Re4 Bc5 35. Kg2 Ng6 36. Bd7 Nh4+ 37. Kh3 g5 38. Bf5 Nxf5 39. gxf5 Rxf5 40. Kg4 Rf4+ 41. Rxf4+ gxf4 42. Kxf4 Kf7 43. Kf5 Be3 44. h3 h5 45. Ke4 Bc1 46. Kf5 Bh6 47. Ke4 Kf6 48. Kd4 Kf5 49. Kd3 Ke5 50. Kc3 Ke4 51. Kc2 Kd4 52. Kb3 Kd3 0-1

[Event "Zuerich op-B 35th"]
[Site "Zuerich"]
[Date "2011.12.27"]
[Round "3"]
[White "Marty, Fridolin"]
[Black "Maag, Rene"]
[Result "1-0"]
[WhiteElo "1972"]
[BlackElo "1934"]
[PlyCount "55"]
[EventDate "2011.12.26"]
[EventType "swiss"]
[EventRounds "7"]
[EventCountry "SUI"]
[SourceTitle "CBM 146 Extra"]
[Source "ChessBase"]
[SourceDate "2012.02.29"]
[SourceVersion "1"]
[SourceVersionDate "2012.02.29"]
[SourceQuality "1"]

1. e4 e5 2. Nf3 Nc6 3. Bc4 Nf6 4. Ng5 d5 5. exd5 Na5 6. Bb5+ Bd7 7. Qe2 Nxd5 8. Qxe5+ Qe7 9. Qxe7+ Bxe7 10. Bxd7+ Kxd7 11. Nxf7 Rhf8 12. Ne5+ Kd6 13. Nf3 g5 14. d3 Rae8 15. Nbd2 Nc6 16. Ne4+ Kd7 17. Bxg5 Bxg5 18. Nfxg5 Nf6 19. 0-0 h6 20. Nxf6+ Rxf6 21. Ne4 Rg6 22. f4 Reg8 23. Kh1 Kc8 24. Rf2 Nd4 25. f5 Rb6 26. c3 Nxf5 27. Rxf5 Rxb2 28. Rf2 1-0

[Event "Zuerich op-B 32nd"]
[Site "Zuerich"]
[Date "2008.12.30"]
[Round "7"]
[White "Wegelin, Reinhard"]
[Black "Marty, Fridolin"]
[Result "1/2-1/2"]
[WhiteElo "1900"]
[BlackElo "1856"]
[PlyCount "45"]
[EventDate "2008.12.26"]
[EventType "swiss"]
[EventRounds "7"]
[EventCountry "SUI"]
[SourceTitle "CBM 127 Extra"]
[Source "ChessBase"]
[SourceDate "2009.01.08"]
[SourceVersion "2"]
[SourceVersionDate "2009.01.28"]
[SourceQuality "1"]

1. d4 Nf6 2. Nf3 g6 3. Bg5 Bg7 4. Nbd2 0-0 5. c3 a6 6. Bxf6 exf6 7. e3 Re8 8. Be2 d5 9. 0-0 c6 10. c4 Qb6 11. Qb3 Qxb3 12. Nxb3 Be6 13. Na5 b6 14. cxd5 Bxd5 15. Nc4 Nd7 16. Rac1 Rad8 17. b3 Bf8 18. Bd3 Bb4 19. a3 Bf8 20. b4 Re6 21. Rfe1 Rde8 22. Ncd2 f5 23. Bc4 1/2-1/2

[Event "Zuerich op-B 32nd"]
[Site "Zuerich"]
[Date "2008.12.28"]
[Round "4"]
[White "Gavric, Petar"]
[Black "Marty, Fridolin"]
[Result "0-1"]
[WhiteElo "1957"]
[BlackElo "1856"]
[PlyCount "110"]
[EventDate "2008.12.26"]
[EventType "swiss"]
[EventRounds "7"]
[EventCountry "SUI"]
[SourceTitle "CBM 127 Extra"]
[Source "ChessBase"]
[SourceDate "2009.01.08"]
[SourceVersion "2"]
[SourceVersionDate "2009.01.28"]
[SourceQuality "1"]

1. e4 e5 2. Nf3 Nc6 3. Bc4 Bc5 4. d3 Nf6 5. Bg5 h6 6. Bh4 g5 7. Bg3 d6 8. h3 Be6 9. Nbd2 Bb6 10. Bb5 Qe7 11. c3 0-0-0 12. Qa4 Nb8 13. Qc2 c6 14. Ba4 Nh5 15. Bb3 Nxg3 16. Bxe6+ fxe6 17. fxg3 Nd7 18. Nc4 Bc7 19. Qa4 Kb8 20. Qa3 Nb6 21. Ncxe5 Qg7 22. Ng4 h5 23. Ne3 d5 24. 0-0-0 Bxg3 25. Kb1 Bf4 26. Rhe1 dxe4 27. dxe4 Bxe3 28. Rxd8+ Rxd8 29. Rxe3 Nc4 30. Qc5 Nxe3 31. Qxe3 Qd7 32. Nxg5 Qd1+ 33. Qc1 Qd3+ 34. Ka1 Rf8 35. Nf3 Qxe4 36. a3 Qe2 37. Qg5 Qd1+ 38. Ka2 Qd5+ 39. Qxd5 cxd5 40. Kb3 Rg8 41. Nh4 Kc7 42. Kc2 Rg3 43. Kd2 Kd6 44. Ke2 Kc5 45. Kf2 Rd3 46. Ke2 Rg3 47. Kf2 Rg8 48. Kf3 Rf8+ 49. Ke3 Rf1 50. Nf3 Rb1 51. b4+ Kd6 52. g4 hxg4 53. hxg4 Rc1 54. Kf4 Rxc3 55. g5 Rxf3+ 0-1